000 01263cam a2200289 4500
001 ##L132068
008 051221n2004 000 0 eng u
020 _a0860176274
035 _a(Sirsi) u132068
041 0 _aeng
050 0 4 _a691 $2 18
100 1 _aSommer, F.
245 0 0 _aENGAGE
_bhow to deliver socially responsible construction
_ba client's guide
260 _aLondon
_bCIRIA
_c2004
300 _a69p.
_c30cm
490 0 _aCIRIA
_vC627
520 _aGuidance on how to build in a socially responsible way; putting principles such as inclusiveness, transparency and responsiveness at the heart of a construction project while retaining a focus on business benefits. Gives an overview of the growth in social responsibility and its importance for construction projects. Outlines business benefits of improving practices and gives case studies. To be used in conjunction with the ENGAGE web-based navigator www.engageweb.org.
651 4 _aUnited Kingdom
_y
690 _aBUILT ENVIRONMENT-SUSTAINABLE CONSTRUCTION
700 1 _aBootland, J.
700 1 _aHunt, M.
700 1 _aKhurana, A.
700 1 _aReid, S.
700 1 _aWilson, Sarah
710 2 _aConstruction Industry Research and Information Association
_94810
942 _n0
999 _c105003
_d105003